Lecturas de contabilidad básica (Registro nro. 6639)
[ vista simple ]
| 000 -LEADER | |
|---|---|
| fixed length control field | 01524 a2200277 4500 |
| 001 - CONTROL NUMBER | |
| control field | 59303 |
| 005 - DATE AND TIME OF LATEST TRANSACTION | |
| control field | 20260407155847.0 |
| 008 - FIXED-LENGTH DATA ELEMENTS--GENERAL INFORMATION | |
| fixed length control field | 260407a2023 arg spa d |
| 003 - CONTROL NUMBER IDENTIFIER | |
| control field | AR-UNSa-BCEJYS |
| 040 ## - CATALOGING SOURCE | |
| Original cataloging agency | AR-UNSa-BCEJYS |
| Language of cataloging | spa |
| Transcribing agency | AR-UNSa-BCEJYS |
| 080 ## - UNIVERSAL DECIMAL CLASSIFICATION NUMBER | |
| Universal Decimal Classification number | 657 |
| Common auxiliary subdivision | Contabilidad |
| 020 ## - INTERNATIONAL STANDARD BOOK NUMBER | |
| International Standard Book Number | 978-987-716-183-0 |
| 041 ## - LANGUAGE CODE | |
| Language code of text/sound track or separate title | spa |
| 100 1# - MAIN ENTRY--PERSONAL NAME | |
| Personal name | Simaro, Jorge D. |
| 245 10 - TITLE STATEMENT | |
| Title | Lecturas de contabilidad básica |
| Name of part/section of a work | con ejercicios de aplicación |
| 250 ## - EDITION STATEMENT | |
| Edition statement | 5a. ed. |
| 264 #1 - PRODUCTION, PUBLICATION, DISTRIBUTION, MANUFACTURE, AND COPYRIGHT NOTICE | |
| Place of production, publication, distribution, manufacture | Buenos Aires : |
| Name of producer, publisher, distributor, manufacturer | Osmar D. Buyatti |
| Date of production, publication, distribution, manufacture, or copyright notice | 2023 |
| 300 ## - PHYSICAL DESCRIPTION | |
| Extent | 612 p. |
| Dimensions | 22 cm. |
| 505 ## - FORMATTED CONTENTS NOTE | |
| Formatted contents note | 1. El marco general de la contabilidad – 2. Fundamentos de la contabilidad patrimonial – 3. Actividades y operaciones de las organizaciones – 4. El proceso contable – 5. Caja y bancos – 6. Créditos – 7. Bienes de cambio - (inventarios) – 8. Bienes de cambio - Empresa industrial – 9. Bienes de cambio – Empresa de servicios – 10. Bienes de uso – (propiedades, planta y equipo) – 11. Activos intangibles – 12. Inversiones y propiedades de inversión – 13. Deudas – 14. Previsiones – 15. Patrimonio neto – 16. Culminación del proceso contable – 17. Caso integral de aplicación – 18. Ajuste por inflación – 19. Las normas internacionales de información financiera (NIFF) |
| 590 ## - LOCAL NOTE (RLIN) | |
| Local note | niveau_biblio:m niveau_hierar:0 |
| 650 ## - SUBJECT ADDED ENTRY--TOPICAL TERM | |
| Topical term or geographic name entry element | NIIF |
| 650 ## - SUBJECT ADDED ENTRY--TOPICAL TERM | |
| Topical term or geographic name entry element | niif |
| 700 1# - ADDED ENTRY--PERSONAL NAME | |
| Personal name | Tonelli, Omar E. |
| 856 41 - ELECTRONIC LOCATION AND ACCESS | |
| Uniform Resource Identifier | <a href="https://biblioeco.unsa.edu.ar/pmb/images/libros/L129050.jpg">https://biblioeco.unsa.edu.ar/pmb/images/libros/L129050.jpg</a> |
| Link text | Imagen de portada |
| Electronic format type | image/jpeg |
| 942 ## - ADDED ENTRY ELEMENTS (KOHA) | |
| Koha item type | |
| Withdrawn status | Lost status | Damaged status | Not for loan | Home library | Current library | Shelving location | Date acquired | Total checkouts | Full call number | Barcode | Date last seen | Price effective from | Koha item type | Public note |
|---|---|---|---|---|---|---|---|---|---|---|---|---|---|---|
| Biblioteca Prof. Eusebio Cleto del Rey | Biblioteca Prof. Eusebio Cleto del Rey | 07/04/2026 | 657 S588 5ed. | L129050 | 07/04/2026 | 07/04/2026 | Libro | |||||||
| Biblioteca Prof. Eusebio Cleto del Rey | Biblioteca Prof. Eusebio Cleto del Rey | 07/04/2026 | 657 S588 5ed. | L129051 | 07/04/2026 | 07/04/2026 | Libro | TAPA DOBLADA - CANTO RAYADO - PÀG 116 Y 117 DOBLADAS - CANTO SUPERIOR MANCHADO - HOJAS DE ESQUINA SUPERIOR DOBLADAS | ||||||
| Biblioteca Prof. Eusebio Cleto del Rey | Biblioteca Prof. Eusebio Cleto del Rey | 07/04/2026 | 657 S588 5ed. | L129052 | 07/04/2026 | 07/04/2026 | Libro | CANTO MANCHADO | ||||||
| Biblioteca Prof. Eusebio Cleto del Rey | Biblioteca Prof. Eusebio Cleto del Rey | 07/04/2026 | 657 S588 5ed. | L129320 | 07/04/2026 | 07/04/2026 | Libro | CANTO CON MANCHITA - ESQUINA SUPERIOR E INFERIOR DOBLADAS | ||||||
| Biblioteca Prof. Eusebio Cleto del Rey | Biblioteca Prof. Eusebio Cleto del Rey | 07/04/2026 | 657 S588 5ed. | L129321 | 07/04/2026 | 07/04/2026 | Libro | |||||||
| Biblioteca Prof. Eusebio Cleto del Rey | Biblioteca Prof. Eusebio Cleto del Rey | 07/04/2026 | 657 S588 5ed. | L129322 | 07/04/2026 | 07/04/2026 | Libro |